000 00515nam a2200193Ia 4500
003 GCL
008 140319s9999 xx 000 0 eng d
040 _aGCL /
_cGCL
082 0 4 _a943.8
_bI P
100 1 _aINTERPRESS PUBLISHERS
245 1 0 _aPOLAND: A HANDBOOK /
_cINTERPRESS PUBLISHERS
260 _a[S.N] :
_bINTERPRSS PUBLISHERS ،
_c1974
300 _a572 P
650 0 4 _aART - POLAND
650 0 4 _aPOLAND
650 0 4 _aPOLAND - ECONOMIC CONDITIONS
650 0 4 _aPOLAND - DISCRIPTION
942 _2ddc
_cBK
999 _c14931
_d14931